| 000 | 00471nam a2200181Ia 4500 | ||
|---|---|---|---|
| 008 | 240925s9999 xx 000 0 und d | ||
| 020 | _a9780521173780 | ||
| 082 | _a428.0076 CAM | ||
| 100 | _aCambridge University | ||
| 245 | 0 | _aCambridge IELTS 8: with answers | |
| 250 | _aNA | ||
| 260 |
_aNew York: _bCambridge University _c,2006. |
||
| 300 |
_axxvi,901l.p. _b5 _fOriginal |
||
| 500 | _aNA | ||
| 600 | _aEngineering Technology | ||
| 650 | _aLanguage | ||
| 942 | _cBK | ||
| 999 |
_c11794 _d11794 |
||